Statistics for Counting to 100 in Base 3

Click here to take the quiz!

General Stats

  • This quiz has been taken 52 times
  • The average score is 79 of 101

Answer Stats

Base 10Base 3(Ternary)% Correct
00
100%
11
100%
22
100%
310
98%
411
95%
512
95%
620
95%
721
95%
822
95%
9100
93%
10101
88%
11102
88%
12110
85%
13111
85%
14112
85%
15120
85%
16121
85%
17122
85%
271000
83%
281001
83%
291002
83%
301010
83%
311011
83%
18200
83%
19201
83%
20202
83%
21210
83%
22211
83%
23212
83%
24220
83%
25221
83%
26222
83%
321012
80%
331020
80%
341021
80%
351022
80%
361100
78%
371101
78%
381102
75%
391110
75%
401111
75%
411112
75%
421120
75%
431121
75%
441122
75%
451200
75%
461201
75%
471202
75%
481210
75%
8110000
73%
8210001
73%
8310002
73%
8410010
73%
8510011
73%
8610012
73%
8710020
73%
8810021
73%
8910022
73%
9010100
73%
9110101
73%
9210102
73%
9310110
73%
9410111
73%
9510112
73%
9610120
73%
9710121
73%
9810122
73%
9910200
73%
10010201
73%
491211
73%
501212
73%
511220
73%
521221
73%
531222
73%
542000
73%
552001
73%
562002
73%
572010
73%
582011
73%
592012
73%
602020
73%
612021
73%
622022
73%
632100
73%
642101
73%
652102
73%
662110
73%
672111
73%
682112
73%
692120
73%
702121
73%
712122
73%
722200
73%
732201
73%
742202
73%
752210
73%
762211
73%
772212
73%
782220
73%
792221
73%
802222
73%

Score Distribution

Percentile by Number Answered

Percent of People with Each Score

Your Score History

You have not taken this quiz